|
|
|
|
| LEADER |
00000cam a2200000 7i4500 |
| 001 |
0000022067 |
| 005 |
20151222.0 |
| 008 |
080725 |
| 020 |
|
|
|a 11101739
|
| 090 |
0 |
0 |
|a 808.8194811
|b REM
|
| 100 |
1 |
|
|a Rema
|
| 245 |
1 |
0 |
|a Senyuman bunga (Tamil)
|c Rema
|
| 260 |
|
|
|a Chennai :
|b Anupaagam ,
|c 2000
|
| 500 |
|
|
|a Children ages 10-12 years old (pink)
|
| 650 |
|
0 |
|a Poetry
|x collection
|
| 650 |
|
0 |
|a Tamil poetry
|x collection
|
| 999 |
|
|
|a 0001033291
|b Book
|c Tamil Collection
|e Perbadanan Perpustakaan Awam Johor
|
| 999 |
|
|
|a 0001033292
|b Book
|c Tamil Collection
|e Cawangan Bandar Penawar
|
| 999 |
|
|
|a 0001033293
|b Book
|c Tamil Collection
|e Cawangan Batu Pahat
|
| 999 |
|
|
|a 0001033294
|b Book
|c Tamil Collection
|e Perbadanan Perpustakaan Awam Johor
|